| 000 | 00803 a2200241 4500 | ||
|---|---|---|---|
| 005 | 20251211153140.0 | ||
| 008 | 251211b |||||||| |||| 00| 0 eng d | ||
| 020 | _a9781984694218 (pbk) | ||
| 037 | _cTB | ||
| 040 |
_aCRL _cCRL |
||
| 041 |
_2eng _aeng |
||
| 084 |
_aY15:45 R5 _qCRL |
||
| 100 |
_aWhite, Sophia _9846798 |
||
| 245 |
_aGender based violence: _blegal protections and policy interventions |
||
| 260 |
_aNew York, USA: _b3G E-Learning, _c2025. |
||
| 300 | _axvi, 283p. | ||
| 365 |
_b6999.00 _cINR |
||
| 650 |
_aSociology _9856069 |
||
| 650 |
_aWomen _9856070 |
||
| 650 |
_aViolence _9856071 |
||
| 942 |
_cTB _2CC _n0 _hY15:45 R5 |
||
| 999 |
_c1464161 _d1464161 |
||